Financial Analysis (Record no. 345240)
[ view plain ]
| 000 -LEADER | |
|---|---|
| fixed length control field | 00565 a2200217 4500 |
| 003 - CONTROL NUMBER IDENTIFIER | |
| control field | OSt |
| 005 - DATE AND TIME OF LATEST TRANSACTION | |
| control field | 20180116182736.0 |
| 008 - FIXED-LENGTH DATA ELEMENTS--GENERAL INFORMATION | |
| fixed length control field | 170731b xxu||||| |||| 00| 0 eng d |
| 020 ## - INTERNATIONAL STANDARD BOOK NUMBER | |
| International Standard Book Number | 0471429236 |
| 022 ## - INTERNATIONAL STANDARD SERIAL NUMBER | |
| International Standard Serial Number | 978047142923 |
| 040 ## - CATALOGING SOURCE | |
| Transcribing agency | 0 |
| 082 ## - DEWEY DECIMAL CLASSIFICATION NUMBER | |
| Classification number | 332.095405 GIR 2003 |
| 100 ## - MAIN ENTRY--PERSONAL NAME | |
| Personal name | Gary Giroux |
| 245 ## - TITLE STATEMENT | |
| Title | Financial Analysis |
| Remainder of title | A User Approach |
| Statement of responsibility, etc. | Gary Giroux |
| 250 ## - EDITION STATEMENT | |
| Edition statement | International edition |
| 260 ## - PUBLICATION, DISTRIBUTION, ETC. | |
| Place of publication, distribution, etc. | America |
| Name of publisher, distributor, etc. | Wiley |
| Date of publication, distribution, etc. | 2003 |
| 300 ## - PHYSICAL DESCRIPTION | |
| Extent | 297p |
| Other physical details | pb. |
| 440 ## - SERIES STATEMENT/ADDED ENTRY--TITLE | |
| Title | Financial Analysis |
| 500 ## - GENERAL NOTE | |
| General note | Paper cover |
| 942 ## - ADDED ENTRY ELEMENTS (KOHA) | |
| Institution code [OBSOLETE] | NBS |
| Koha item type | Book |
| Call number prefix | 658.1512 GIR |
| Source of classification or shelving scheme | |
| Withdrawn status | Lost status | Source of classification or shelving scheme | Damaged status | Not for loan | Permanent Location | Current Location | Date acquired | Total Checkouts | Full call number | Barcode | Date last seen | Price effective from | Koha item type | Collection code | Shelving location | Date last checked out |
|---|---|---|---|---|---|---|---|---|---|---|---|---|---|---|---|---|
| Central Library (CL) | Central Library (CL) | 08/28/2013 | 332.095405 GIR 2003 | NBS6619 | 08/28/2013 | 08/28/2013 | Book | |||||||||
| Central Library (CL) | Central Library (CL) | 08/28/2013 | 4 | 332.095405 GIR 2003 | NBS6561 | 10/08/2019 | 08/28/2013 | Book | General Stacks | 10/15/2018 |
